Successful manager's handbook : (Record no. 718)

000 -LEADER
fixed length control field 01896cam a2200385Ia 4500
003 - CONTROL NUMBER IDENTIFIER
control field CaAEU
005 - DATE AND TIME OF LATEST TRANSACTION
control field 20210616115951.0
008 - FIXED-LENGTH DATA ELEMENTS--GENERAL INFORMATION
fixed length control field 100923s2010 mnua b 001 0 eng d
020 ## - INTERNATIONAL STANDARD BOOK NUMBER
International Standard Book Number 9780972577038
020 ## - INTERNATIONAL STANDARD BOOK NUMBER
International Standard Book Number 0972577033
020 ## - INTERNATIONAL STANDARD BOOK NUMBER
International Standard Book Number 9780972577045 (pbk.)
020 ## - INTERNATIONAL STANDARD BOOK NUMBER
International Standard Book Number 0972577041 (pbk.)
040 ## - CATALOGING SOURCE
Transcribing agency MUQ
050 #4 - LIBRARY OF CONGRESS CALL NUMBER
Classification number HD58.9
Item number .S827 2010
090 ## - LOCALLY ASSIGNED LC-TYPE CALL NUMBER (OCLC); LOCAL CALL NUMBER (RLIN)
Classification number (OCLC) (R) ; Classification number, CALL (RLIN) (NR) HD 58.9 S833 2010
Local cutter number (OCLC) ; Book number/undivided call number, CALL (RLIN) AEE
245 00 - TITLE STATEMENT
Title Successful manager's handbook :
Remainder of title develop yourself, coach others /
Statement of responsibility, etc. Susan H. Gebelein ... [et al.] and the consultants of PDI Ninth House.
250 ## - EDITION STATEMENT
Edition statement 8th ed.
260 ## - PUBLICATION, DISTRIBUTION, ETC.
Place of publication, distribution, etc. [Minneapolis, Minn.?] :
Name of publisher, distributor, etc. PDI Ninth House ;
Place of publication, distribution, etc. Roswell, GA :
Name of publisher, distributor, etc. PreVisor,
Date of publication, distribution, etc. c2010.
300 ## - PHYSICAL DESCRIPTION
Extent xv, 704 p. :
Other physical details ill. ;
Dimensions 26 cm.
336 ## - CONTENT TYPE
Content type term text
Content type code txt
Source rdacontent
337 ## - MEDIA TYPE
Media type term unmediated
Media type code n
Source rdamedia
338 ## - CARRIER TYPE
Carrier type term volume
Carrier type code nc
Source rdacarrier
500 ## - GENERAL NOTE
General note "shl"--Cover.
504 ## - BIBLIOGRAPHY, ETC. NOTE
Bibliography, etc. note Includes bibliographical references and index.
650 #0 - SUBJECT ADDED ENTRY--TOPICAL TERM
Topical term or geographic name entry element Organizational effectiveness.
650 #0 - SUBJECT ADDED ENTRY--TOPICAL TERM
Topical term or geographic name entry element Management.
700 1# - ADDED ENTRY--PERSONAL NAME
Personal name Gebelein, Susan H.
710 2# - ADDED ENTRY--CORPORATE NAME
Corporate name or jurisdiction name as entry element PDI Ninth House.
710 2# - ADDED ENTRY--CORPORATE NAME
Corporate name or jurisdiction name as entry element SHLPreVisor.
942 ## - ADDED ENTRY ELEMENTS (KOHA)
Source of classification or shelving scheme
Koha item type Book
Suppress in OPAC SO
Holdings
Withdrawn status Lost status Source of classification or shelving scheme Damaged status Not for loan Permanent Location Current Location Shelving location Date acquired Total Checkouts Full call number Barcode Date last seen Price effective from Koha item type Public note
          AU LIBRARY AU LIBRARY Open Shelf 16.06.2021   HD58.9 .S827 2010 28001126 16.06.2021 16.06.2021 Book SO

Powered by Koha